[Event "Oberliga Baden 2122"]
[Site "Germany"]
[Date "2022.06.18"]
[Round "6.2"]
[White "Kazakouski, Valery"]
[Black "Schuh, Hubert"]
[Result "1/2-1/2"]
[WhiteElo "2490"]
[BlackElo "2289"]
[PlyCount "109"]
[EventDate "2021.10.10"]
[EventType "team-tourn"]
[EventRounds "11"]
[EventCountry "GER"]
[SourceTitle "EXT 2023"]
[Source "ChessBase"]
[SourceDate "2022.10.05"]
[SourceVersion "1"]
[SourceVersionDate "2022.10.05"]
[SourceQuality "1"]
[WhiteTeam "Bad Mergentheim"]
[BlackTeam "Kuppenheim"]
[WhiteTeamCountry "GER"]
[BlackTeamCountry "GER"]

1. Nf3 c5 2. c4 Nf6 3. b3 g6 4. Bb2 Bg7 5. g3 b6 6. Bg2 Bb7 7. 0-0 0-0 8. d4 cxd4 9. Qxd4 d6 10. Nc3 Nbd7 11. Rfd1 Rc8 12. Qh4 h6 13. Rac1 a6 14. Nd4 Bxg2 15. Kxg2 Rc5 16. Kg1 Rh5 17. Nc6 Qe8 18. Qd4 Rc5 19. Nb4 Qa8 20. Ncd5 Re8 21. Nd3 Rc6 22. e4 Qb7 23. Qe3 Kh7 24. Qf3 Kg8 25. Nxf6+ Nxf6 26. Nb4 Rc5 27. Bxf6 Bxf6 28. Nd5 Be5 29. Qe3 Bg7 30. Qf3 Be5 31. Kg2 Kg7 32. h4 h5 33. Qe3 Kg8 34. f4 Bb2 35. Rc2 Bg7 36. Qf3 e6 37. Nb4 b5 38. e5 Qxf3+ 39. Kxf3 dxe5 40. Nxa6 Rcc8 41. c5 exf4 42. gxf4 e5 43. fxe5 Bxe5 44. Rd7 Rc6 45. Nb4 Rf6+ 46. Kg2 Rf4 47. Nd5 Rxh4 48. Rf2 Rh2+ 49. Kg1 Rxf2 50. Kxf2 Ra8 51. c6 Rxa2+ 52. Ke3 Rc2 53. Nb4 Rc3+ 54. Kd2 Rxb3 55. Nd3 1/2-1/2

[Event "Verbandsliga Suedbaden 1819"]
[Site "Baden"]
[Date "2019.03.10"]
[Round "7.3"]
[White "Schuh, Hubert"]
[Black "Daeschler, Florian"]
[Result "1-0"]
[WhiteElo "2292"]
[BlackElo "2265"]
[PlyCount "147"]
[EventDate "2018.10.14"]
[EventType "team-tourn"]
[EventRounds "9"]
[EventCountry "GER"]
[SourceTitle "EXT 2020"]
[Source "ChessBase"]
[SourceDate "2019.10.17"]
[SourceVersion "1"]
[SourceVersionDate "2019.10.17"]
[SourceQuality "1"]
[WhiteTeam "Kuppenheim"]
[BlackTeam "Lahr"]
[WhiteTeamCountry "GER"]
[BlackTeamCountry "GER"]

1. c4 e6 2. Nf3 Nf6 3. g3 d5 4. b3 Be7 5. Bb2 0-0 6. Bg2 c5 7. 0-0 d4 8. b4 cxb4 9. Bxd4 Qc7 10. d3 Nc6 11. Bb2 e5 12. a3 e4 13. dxe4 Nxe4 14. axb4 Bxb4 15. Qc2 Re8 16. Na3 Bg4 17. Nb5 Qe7 18. Rad1 Bc5 19. Nbd4 Nb4 20. Qc1 Rac8 21. h3 Bd7 22. Kh2 b5 23. Nh4 Nd6 24. Nxb5 Nxb5 25. cxb5 Bd4 26. Qd2 Bxb2 27. Qxd7 Qxd7 28. Rxd7 Rxe2 29. Nf5 Rb8 30. Bf3 Re6 31. Rxa7 h6 32. Ne7+ Kf8 33. Nd5 Nxd5 34. Bxd5 Rf6 35. Bc6 Bd4 36. Ra2 g6 37. Kg2 Rb6 38. Rd1 Bc5 39. Rc2 Bd6 40. Rd5 Bb4 41. h4 h5 42. Rd8+ Kg7 43. Rd7 Bd6 44. Rc3 Rb8 45. Rf3 Bc5 46. Rxf6 Kxf6 47. Rd3 Bb6 48. Rf3+ Ke6 49. Ra3 Bc5 50. Rd3 Bb6 51. Bd5+ Ke7 52. Rf3 f6 53. Rc3 Rd8 54. Rc6 Rxd5 55. Rxb6 Rd2 56. Rb7+ Ke6 57. b6 Rb2 58. Rb8 Kf7 59. Kf3 Rb4 60. Ke3 g5 61. Kd3 gxh4 62. gxh4 Kg7 63. Kc3 Rb1 64. Kc4 Kg6 65. Kc5 Kf5 66. Rg8 Kf4 67. Kc6 Kf3 68. b7 Kxf2 69. b8Q Rxb8 70. Rxb8 Kg3 71. Kd5 Kxh4 72. Ke4 Kg3 73. Rg8+ Kh3 74. Kf3 1-0

[Event "Verbandsliga Suedbaden 1718"]
[Site "Baden"]
[Date "2018.05.06"]
[Round "9.2"]
[White "Ehmann, Thilo"]
[Black "Schuh, Hubert"]
[Result "1/2-1/2"]
[WhiteElo "2291"]
[BlackElo "2292"]
[PlyCount "30"]
[EventDate "2017.10.08"]
[EventType "team-tourn"]
[EventRounds "9"]
[EventCountry "GER"]
[SourceTitle "EXT 2019"]
[Source "ChessBase"]
[SourceDate "2018.10.10"]
[SourceVersion "1"]
[SourceVersionDate "2018.10.10"]
[SourceQuality "1"]
[WhiteTeam "Sasbach"]
[BlackTeam "Kuppenheim"]
[WhiteTeamCountry "GER"]
[BlackTeamCountry "GER"]

1. e4 c5 2. Nf3 d6 3. d4 cxd4 4. Nxd4 Nf6 5. f3 e6 6. c4 Nc6 7. Nc3 Be7 8. Be3 0-0 9. Nc2 d5 10. cxd5 exd5 11. exd5 Nb4 12. Nxb4 Bxb4 13. Bd4 Nxd5 14. Bb5 Bxc3+ 15. bxc3 Bd7 1/2-1/2

[Event "Verbandsliga Suedbaden 1718"]
[Site "Baden"]
[Date "2018.02.18"]
[Round "6.3"]
[White "Daeschler, Florian"]
[Black "Schuh, Hubert"]
[Result "1/2-1/2"]
[WhiteElo "2205"]
[BlackElo "2292"]
[PlyCount "112"]
[EventDate "2017.10.08"]
[EventType "team-tourn"]
[EventRounds "9"]
[EventCountry "GER"]
[SourceTitle "EXT 2019"]
[Source "ChessBase"]
[SourceDate "2018.10.10"]
[SourceVersion "1"]
[SourceVersionDate "2018.10.10"]
[SourceQuality "1"]
[WhiteTeam "Lahr"]
[BlackTeam "Kuppenheim"]
[WhiteTeamCountry "GER"]
[BlackTeamCountry "GER"]

1. e4 c5 2. Nf3 d6 3. Bb5+ Nd7 4. d4 Ngf6 5. e5 Qa5+ 6. Nc3 cxd4 7. Qxd4 dxe5 8. Nxe5 a6 9. Nc4 Qd8 10. Bf4 axb5 11. Nxb5 e5 12. Bxe5 Bb4+ 13. c3 0-0 14. Bxf6 Nxf6 15. Qxd8 Rxd8 16. cxb4 Be6 17. Ne3 Rxa2 18. Rxa2 Bxa2 19. Nc3 Bb3 20. 0-0 g6 21. Ra1 Rd2 22. h3 Be6 23. Ra8+ Kg7 24. Rb8 Rxb2 25. Rxb7 Rb3 26. Ne2 Bd5 27. Nxd5 Nxd5 28. b5 Rb1+ 29. Kh2 Rb2 30. Nd4 Rxf2 31. Kg3 Rb2 32. Kf3 Kf6 33. Ke4 Nc3+ 34. Kd3 Nxb5 35. g4 Nxd4 36. Rxb2 Ne6 37. Ke3 g5 38. Rf2+ Kg6 39. Ke4 f6 40. Rf3 Nf4 41. Ra3 h5 42. Rb3 hxg4 43. hxg4 Ne6 44. Ra3 Nf4 45. Ra6 Nh3 46. Kd5 Nf2 47. Ra4 Nd3 48. Rd4 Ne5 49. Ke6 Nf7 50. Ra4 Nh6 51. Ke7 Kg7 52. Ke6 Kg6 53. Ke7 Kg7 54. Ke6 Kg6 55. Rb4 Kg7 56. Ra4 Kg6 1/2-1/2

[Event "Verbandsliga Suedbaden 1617"]
[Site "Baden"]
[Date "2016.10.09"]
[Round "1.2"]
[White "Merkel, Gerd"]
[Black "Schuh, Hubert"]
[Result "1/2-1/2"]
[WhiteElo "2142"]
[BlackElo "2292"]
[PlyCount "69"]
[EventDate "2016.10.09"]
[EventType "team-tourn"]
[EventRounds "9"]
[EventCountry "GER"]
[SourceTitle "EXT 2022"]
[Source "ChessBase"]
[SourceDate "2021.10.06"]
[SourceVersion "1"]
[SourceVersionDate "2021.10.06"]
[SourceQuality "1"]
[WhiteTeam "Hoerden"]
[BlackTeam "Kuppenheim"]
[WhiteTeamCountry "GER"]
[BlackTeamCountry "GER"]

1. d4 Nf6 2. c4 e6 3. Nf3 b6 4. g3 Bb7 5. Bg2 Bb4+ 6. Bd2 Be7 7. 0-0 c5 8. Nc3 cxd4 9. Nxd4 Bxg2 10. Kxg2 Qc8 11. b3 Qb7+ 12. Kg1 a6 13. Bf4 0-0 14. Bxb8 Raxb8 15. Qd3 Bb4 16. a3 Bxc3 17. Qxc3 Rfc8 18. Qd3 b5 19. cxb5 axb5 20. Rfc1 b4 21. a4 Qe4 22. Rxc8+ Rxc8 23. a5 Qxd3 24. exd3 Nd5 25. a6 Kf8 26. a7 Ra8 27. Nb5 Ke7 28. Ra6 Kd8 29. Kf1 Kc8 30. Nd6+ Kc7 31. Nxf7 Kb7 32. Ra4 Rxa7 33. Rxa7+ Kxa7 34. Ne5 Nb6 35. Ke2 1/2-1/2

[Event "Verbandsliga Suedbaden 1516"]
[Site "Baden"]
[Date "2015.12.13"]
[Round "4.3"]
[White "Riehle, Marco"]
[Black "Schuh, Hubert"]
[Result "1/2-1/2"]
[WhiteElo "2134"]
[BlackElo "2292"]
[PlyCount "59"]
[EventDate "2015.09.27"]
[EventType "team-tourn"]
[EventRounds "9"]
[EventCountry "GER"]
[SourceTitle "EXT 2022"]
[Source "ChessBase"]
[SourceDate "2021.10.06"]
[SourceVersion "1"]
[SourceVersionDate "2021.10.06"]
[SourceQuality "1"]
[WhiteTeam "Sasbach"]
[BlackTeam "Kuppenheim"]
[WhiteTeamCountry "GER"]
[BlackTeamCountry "GER"]

1. e4 c5 2. Nf3 d6 3. d4 cxd4 4. Nxd4 Nf6 5. Nc3 a6 6. Be2 e6 7. Be3 Be7 8. Qd2 b5 9. a3 Bb7 10. f3 Nbd7 11. g4 Nb6 12. 0-0-0 Rc8 13. Rhf1 0-0 14. g5 Nfd7 15. f4 d5 16. exd5 Nxd5 17. Nxd5 Bxd5 18. Nf5 Bc5 19. Kb1 Qc7 20. Bxc5 Nxc5 21. Qc3 f6 22. gxf6 Rxf6 23. Nxg7 Qxg7 24. f5 Rxf5 25. Qxg7+ Kxg7 26. Rxf5 exf5 27. Rxd5 Kf6 28. h3 Rc7 29. Bf3 Ke6 30. Kc1 1/2-1/2

[Event "Oberliga Baden 1213"]
[Site "Baden"]
[Date "2012.11.11"]
[Round "2.3"]
[White "Schuh, Hubert"]
[Black "Hirschberg, Valerian"]
[Result "1-0"]
[WhiteElo "2301"]
[BlackElo "2295"]
[PlyCount "89"]
[EventDate "2012.10.14"]
[EventType "team-tourn"]
[EventRounds "9"]
[EventCountry "GER"]
[SourceTitle "EXT 2014"]
[Source "ChessBase"]
[SourceDate "2013.11.20"]
[SourceVersion "1"]
[SourceVersionDate "2013.11.20"]
[SourceQuality "1"]
[WhiteTeam "Kuppenheim"]
[BlackTeam "Karlsruhe"]
[WhiteTeamCountry "GER"]
[BlackTeamCountry "GER"]

1. c4 c5 2. g3 Nf6 3. Bg2 d5 4. cxd5 Nxd5 5. Nc3 Nc7 6. Nf3 Nc6 7. 0-0 e5 8. a3 Rb8 9. Rb1 f6 10. d3 Be7 11. Be3 Be6 12. Nd2 Qd7 13. b4 cxb4 14. axb4 Nxb4 15. Bxa7 Ra8 16. Ra1 Ncd5 17. Nxd5 Nxd5 18. Nc4 Qb5 19. Ra5 Qc6 20. Ne3 Bb4 21. Rxd5 Bxd5 22. Nxd5 Rxa7 23. Nxb4 Qc3 24. Qb1 0-0 25. Nd5 Qa3 26. Qb6 Qa6 27. Qc5 Qa3 28. Qc4 Ra4 29. Qb5 Ra7 30. Bf3 Kh8 31. Kg2 f5 32. Ne3 Qe7 33. Bd5 f4 34. Nc4 Ra2 35. Bf3 e4 36. dxe4 fxg3 37. hxg3 Rxe2 38. Bxe2 Qxe4+ 39. Kg1 Qxe2 40. Qc5 Ra8 41. Qd5 h5 42. Ne5 Ra6 43. Kg2 Rf6 44. Nf3 g6 45. Re1 1-0

[Event "Baden CupT"]
[Site "Baden"]
[Date "2012.07.14"]
[Round "4.3"]
[White "Wehner, Roland"]
[Black "Schuh, Hubert"]
[Result "0-1"]
[WhiteElo "2266"]
[BlackElo "2292"]
[PlyCount "152"]
[EventDate "2012.04.22"]
[EventType "team-k.o."]
[EventRounds "5"]
[EventCountry "GER"]
[SourceTitle "EXT 2013"]
[Source "ChessBase"]
[SourceDate "2012.11.22"]
[SourceVersion "1"]
[SourceVersionDate "2012.11.22"]
[SourceQuality "1"]
[WhiteTeam "Ettlingen"]
[BlackTeam "Kuppenheim"]
[WhiteTeamCountry "GER"]
[BlackTeamCountry "GER"]

1. e4 c5 2. c3 Nf6 3. e5 Nd5 4. d4 cxd4 5. Nf3 e6 6. cxd4 d6 7. Bc4 Nb6 8. Bb3 dxe5 9. Nxe5 Nc6 10. Nxc6 bxc6 11. 0-0 Be7 12. Nc3 0-0 13. Qd3 Nd5 14. Rd1 Qc7 15. Be3 Rd8 16. Rac1 Qa5 17. Na4 Ba6 18. Qe4 Rab8 19. Nc5 Qb6 20. Nxe6 Re8 21. Nf4 Nxe3 22. fxe3 Bb7 23. Qf5 Rf8 24. Rf1 Qb5 25. Qxb5 cxb5 26. Rc7 Bg5 27. Rc5 h6 28. Rxb5 Kh7 29. Kf2 Be4 30. Rxb8 Rxb8 31. Rc1 a5 32. Rc4 Bd8 33. Ne2 Rb6 34. Nc3 Rf6+ 35. Kg1 Bd3 36. g3 Rf1+ 37. Kg2 Bxc4 38. Bxc4 Re1 39. Kf2 Rh1 40. Kg2 Re1 41. Kf3 f5 42. h3 g6 43. Be2 Kg7 44. Nd1 Bc7 45. g4 Rh1 46. Nf2 Rg1 47. Bc4 Kf6 48. gxf5 gxf5 49. a3 h5 50. Bd5 Bd6 51. Ke2 h4 52. Kd2 Ke7 53. Bc6 Rg3 54. Ke2 Bc7 55. Bf3 Bb6 56. b4 a4 57. Bc6 f4 58. Nd1 Rxh3 59. Bxa4 Kd8 60. Bc6 fxe3 61. Nxe3 Bxd4 62. Nf5 Bb6 63. a4 Kc7 64. Be4 Ra3 65. a5 Ba7 66. b5 Rxa5 67. Nxh4 Rxb5 68. Nf3 Kd6 69. Bd3 Rb4 70. Bc2 Kd5 71. Kd3 Bb6 72. Nd2 Rh4 73. Bb3+ Kc5 74. Bc4 Rh3+ 75. Ke4 Kb4 76. Bd3 Re3+ 0-1

[Event "Oberliga Baden 1112"]
[Site "Germany"]
[Date "2012.02.26"]
[Round "7.2"]
[White "Schuh, Hubert"]
[Black "Jeitz, Christian"]
[Result "1/2-1/2"]
[WhiteElo "2292"]
[BlackElo "2207"]
[PlyCount "93"]
[EventDate "2011.10.02"]
[EventType "team-tourn"]
[EventRounds "9"]
[EventCountry "GER"]
[SourceTitle "EXT 2013"]
[Source "ChessBase"]
[SourceDate "2012.11.22"]
[SourceVersion "1"]
[SourceVersionDate "2012.11.22"]
[SourceQuality "1"]
[WhiteTeam "Kuppenheim"]
[BlackTeam "Ettlingen"]
[WhiteTeamCountry "GER"]
[BlackTeamCountry "GER"]

1. c4 Nf6 2. g3 g6 3. Bg2 d5 4. cxd5 Nxd5 5. Nc3 Nb6 6. d3 Bg7 7. Be3 N8d7 8. Qd2 h6 9. Nf3 Nf6 10. 0-0 Ng4 11. Bc5 0-0 12. h3 Nf6 13. Rfc1 c6 14. e4 Re8 15. Rab1 a5 16. b3 e5 17. Na4 Nbd7 18. Be3 Kh7 19. Qc2 Ra6 20. Rd1 b5 21. Nc5 Nxc5 22. Bxc5 Nd7 23. Be3 c5 24. a4 b4 25. Nd2 Bf8 26. Nc4 Nb8 27. f4 exf4 28. gxf4 Nc6 29. Qf2 Nd4 30. Bxd4 cxd4 31. f5 gxf5 32. exf5 Qg5 33. Re1 Rxe1+ 34. Rxe1 Bxf5 35. Re5 Qc1+ 36. Re1 Qg5 37. Re5 Qc1+ 38. Kh2 Bg6 39. Be4 Kg7 40. Bxg6 Rxg6 41. Rf5 f6 42. Rxa5 Qd1 43. Ra7+ Kg8 44. Ra8 Kg7 45. Ra7+ Kg8 46. Ra8 Kg7 47. Ra7+ 1/2-1/2

[Event "Oberliga Baden 1112"]
[Site "Germany"]
[Date "2012.02.05"]
[Round "6.2"]
[White "Pfrommer, Christoph"]
[Black "Schuh, Hubert"]
[Result "1-0"]
[WhiteElo "2367"]
[BlackElo "2292"]
[PlyCount "117"]
[EventDate "2011.10.02"]
[EventType "team-tourn"]
[EventRounds "9"]
[EventCountry "GER"]
[SourceTitle "EXT 2013"]
[Source "ChessBase"]
[SourceDate "2012.11.22"]
[SourceVersion "1"]
[SourceVersionDate "2012.11.22"]
[SourceQuality "1"]
[WhiteTeam "Karlsruhe"]
[BlackTeam "Kuppenheim"]
[WhiteTeamCountry "GER"]
[BlackTeamCountry "GER"]

1. Nf3 c5 2. c4 b6 3. g3 Bb7 4. Bg2 Nf6 5. 0-0 g6 6. Nc3 Bg7 7. d4 cxd4 8. Qxd4 d6 9. Be3 Nbd7 10. Rfd1 Rc8 11. Rac1 0-0 12. Qh4 a6 13. b3 Rc7 14. Bh6 Qa8 15. Ne1 Bxg2 16. Nxg2 Bxh6 17. Qxh6 Ne5 18. Nf4 b5 19. Nfd5 Nxd5 20. Nxd5 Rb7 21. c5 dxc5 22. Rxc5 Rd7 23. Rd4 f6 24. Nb6 Rxd4 25. Nxa8 Rxa8 26. Qc1 Rad8 27. Rc8 Kf7 28. Rxd8 Rxd8 29. Qh6 Kg8 30. Qh3 Rd6 31. Qc8+ Kg7 32. Qe8 Nc6 33. g4 g5 34. Kg2 b4 35. Kg3 a5 36. h4 gxh4+ 37. Kxh4 Re6 38. Qc8 Rd6 39. Qe8 Re6 40. Qc8 Rd6 41. e3 Ne5 42. Qa8 Rd2 43. Qxa5 Rxf2 44. Qxb4 Ng6+ 45. Kg3 Rxa2 46. Qc3 Ne5 47. b4 Ra4 48. g5 h6 49. gxf6+ Kxf6 50. e4 h5 51. Kf4 Rxb4 52. Qxe5+ Kf7 53. Qxh5+ Kf8 54. Kf5 Rb5+ 55. e5 Ra5 56. Qh8+ Kf7 57. Qc8 Ra3 58. Qc4+ Kf8 59. Ke6 1-0

[Event "Oberliga Baden 1112"]
[Site "Germany"]
[Date "2011.11.20"]
[Round "3.2"]
[White "Karpatchev, Aleksandr"]
[Black "Schuh, Hubert"]
[Result "1/2-1/2"]
[WhiteElo "2466"]
[BlackElo "2292"]
[PlyCount "69"]
[EventDate "2011.10.02"]
[EventType "team-tourn"]
[EventRounds "9"]
[EventCountry "GER"]
[SourceTitle "EXT 2013"]
[Source "ChessBase"]
[SourceDate "2012.11.22"]
[SourceVersion "1"]
[SourceVersionDate "2012.11.22"]
[SourceQuality "1"]
[WhiteTeam "Bad Mergentheim"]
[BlackTeam "Kuppenheim"]
[WhiteTeamCountry "GER"]
[BlackTeamCountry "GER"]

1. e4 c5 2. c3 Nf6 3. e5 Nd5 4. Nf3 e6 5. d4 cxd4 6. cxd4 d6 7. Bc4 Nb6 8. Bd3 dxe5 9. dxe5 Bd7 10. 0-0 Bc6 11. Nc3 N8d7 12. Bf4 Nd5 13. Nxd5 Bxd5 14. Ng5 a6 15. Re1 h6 16. Nxf7 Kxf7 17. Qh5+ Ke7 18. Bg6 Nb6 19. Red1 Rc8 20. Be3 Kd7 21. Bf5 Qe8 22. Bg6 Qd8 23. Bf7 Rc6 24. Bxb6 Qxb6 25. Be8+ Kc7 26. Bxc6 Bxc6 27. Qf7+ Kb8 28. Rd2 Bb4 29. Qxg7 Bxd2 30. Qxh8+ Ka7 31. Rd1 Qxb2 32. Qd8 Bc3 33. Qd6 Bd5 34. Qc5+ Ka8 35. Qf8+ 1/2-1/2

[Event "Oberliga Baden 1112"]
[Site "Germany"]
[Date "2011.10.02"]
[Round "1.2"]
[White "Genzling, Alain"]
[Black "Schuh, Hubert"]
[Result "1-0"]
[WhiteElo "2400"]
[BlackElo "2292"]
[PlyCount "171"]
[EventDate "2011.10.02"]
[EventType "team-tourn"]
[EventRounds "9"]
[EventCountry "GER"]
[SourceTitle "EXT 2013"]
[Source "ChessBase"]
[SourceDate "2012.11.22"]
[SourceVersion "1"]
[SourceVersionDate "2012.11.22"]
[SourceQuality "1"]
[WhiteTeam "Baden-Baden III"]
[BlackTeam "Kuppenheim"]
[WhiteTeamCountry "GER"]
[BlackTeamCountry "GER"]

1. e4 c5 2. Nf3 d6 3. d4 cxd4 4. Nxd4 Nf6 5. Nc3 a6 6. g3 e5 7. Nb3 Be7 8. Bg2 0-0 9. a4 Be6 10. 0-0 Nbd7 11. Nd2 Qc7 12. Re1 Qc5 13. Nf1 b5 14. Ne3 Rfc8 15. Ncd5 Bd8 16. b3 Qd4 17. Ba3 bxa4 18. Bxd6 axb3 19. cxb3 Nxe4 20. Qxd4 exd4 21. Bxe4 dxe3 22. Rxe3 Ra7 23. Bf3 Nf6 24. Nb4 Bb6 25. Rd3 Bf5 26. Rdd1 Ne4 27. Nd5 Bxf2+ 28. Kg2 Nxd6 29. Kxf2 Rc2+ 30. Kg1 Be4 31. Bxe4 Nxe4 32. Nb4 Rc8 33. Rxa6 Rb7 34. Rc6 Re8 35. Rc4 f5 36. Rd3 Nf6 37. Nc2 Re2 38. Nd4 Rb2 39. Nxf5 R2xb3 40. Rd8+ Kf7 41. Nd6+ Kg6 42. Nxb7 Rxb7 43. Rd2 Re7 44. Kg2 h6 45. Rc6 Kh7 46. Rc4 Kg6 47. Rf4 Kh7 48. h3 Kg6 49. Ra2 Kh7 50. Rfa4 Kg6 51. Ra7 Re3 52. R2a3 Re2+ 53. Kf3 Re5 54. R3a5 Re1 55. Rb5 Rc1 56. Ra3 Rc2 57. g4 Rc1 58. Ra7 Rc3+ 59. Kg2 Rc2+ 60. Kf1 Rc1+ 61. Ke2 Rc2+ 62. Kd1 Rc8 63. Rbb7 Ne8 64. h4 Kh7 65. Re7 Kg8 66. Ke2 Kf8 67. Kf3 Rc1 68. Re2 Nc7 69. Rb2 Ne8 70. Ra8 Rc3+ 71. Kf2 Rc7 72. Re2 Re7 73. Rxe7 Kxe7 74. Kf3 Kf7 75. Kf4 Nf6 76. Ra7+ Kg6 77. Ra6 Kf7 78. Ra7+ Kg6 79. h5+ Kh7 80. Kf5 Nd5 81. Ke6 Nf6 82. Ra4 Kg8 83. Rb4 Kh7 84. Ra4 Kg8 85. Rd4 Kh7 86. Kf7 1-0

[Event "Verbandsliga Sued Baden 1011"]
[Site "Baden"]
[Date "2011.03.27"]
[Round "8.2"]
[White "Leutwyler, Martin"]
[Black "Schuh, Hubert"]
[Result "0-1"]
[WhiteElo "2184"]
[BlackElo "2292"]
[PlyCount "62"]
[EventDate "2010.10.17"]
[EventType "team-tourn"]
[EventRounds "9"]
[EventCountry "GER"]
[SourceTitle "EXT 2012"]
[Source "ChessBase"]
[SourceDate "2011.11.24"]
[SourceVersion "1"]
[SourceVersionDate "2011.11.24"]
[SourceQuality "1"]
[WhiteTeam "Gottmadingen"]
[BlackTeam "Kuppenheim"]
[WhiteTeamCountry "GER"]
[BlackTeamCountry "GER"]

1. d4 Nf6 2. Nf3 d6 3. Nc3 Nbd7 4. e4 e5 5. Bc4 Be7 6. 0-0 0-0 7. Re1 c6 8. a4 exd4 9. Qxd4 Nc5 10. h3 Be6 11. Bf4 Ncxe4 12. Bxe6 Nxc3 13. bxc3 fxe6 14. Rxe6 Nd5 15. Bd2 Nc7 16. Ree1 Bf6 17. Qg4 Rf7 18. Rab1 Na6 19. Nd4 Nc5 20. Ne6 Nxe6 21. Qxe6 Qd7 22. Qxd7 Rxd7 23. c4 d5 24. cxd5 Rxd5 25. Be3 b5 26. axb5 cxb5 27. Kf1 a5 28. Ke2 a4 29. Bd2 Re8+ 30. Be3 Rc8 31. Rec1 a3 0-1

[Event "Verbandsliga Sued Baden 1011"]
[Site "Baden"]
[Date "2011.02.13"]
[Round "6.2"]
[White "Eiler, Joerg"]
[Black "Schuh, Hubert"]
[Result "1/2-1/2"]
[WhiteElo "2147"]
[BlackElo "2292"]
[PlyCount "56"]
[EventDate "2010.10.17"]
[EventType "team-tourn"]
[EventRounds "9"]
[EventCountry "GER"]
[SourceTitle "EXT 2012"]
[Source "ChessBase"]
[SourceDate "2011.11.24"]
[SourceVersion "1"]
[SourceVersionDate "2011.11.24"]
[SourceQuality "1"]
[WhiteTeam "Iffezheim"]
[BlackTeam "Kuppenheim"]
[WhiteTeamCountry "GER"]
[BlackTeamCountry "GER"]

1. Nf3 d6 2. e4 c5 3. Bb5+ Bd7 4. Bxd7+ Qxd7 5. 0-0 Nf6 6. Qe2 Nc6 7. c3 e6 8. d4 cxd4 9. cxd4 d5 10. e5 Ne4 11. Be3 Be7 12. Nbd2 Nxd2 13. Qxd2 0-0 14. Ne1 Rfc8 15. Nd3 b6 16. Rfc1 Na5 17. Rxc8+ Rxc8 18. b3 Ba3 19. Qd1 Qc6 20. Bc1 Bf8 21. Bb2 Qc2 22. Kf1 h6 23. Qe2 Qxe2+ 24. Kxe2 Kh7 25. g4 Be7 26. Rc1 Rxc1 27. Nxc1 Kg6 28. f4 h5 1/2-1/2